| 000 -LEADER |
| fixed length control field |
01709nam a2200409Ka 4500 |
| 001 - CONTROL NUMBER |
| control field |
9405303 |
| 003 - CONTROL NUMBER IDENTIFIER |
| control field |
NUST - PNEC |
| 005 - DATE AND TIME OF LATEST TRANSACTION |
| control field |
20170116181110.0 |
| 006 - FIXED-LENGTH DATA ELEMENTS--ADDITIONAL MATERIAL CHARACTERISTICS |
| fixed length control field |
m d |
| 007 - PHYSICAL DESCRIPTION FIXED FIELD--GENERAL INFORMATION |
| fixed length control field |
cr bn||||||abp |
| 007 - PHYSICAL DESCRIPTION FIXED FIELD--GENERAL INFORMATION |
| fixed length control field |
cr bn||||||ada |
| 008 - FIXED-LENGTH DATA ELEMENTS--GENERAL INFORMATION |
| fixed length control field |
120314s1905 enkaf jo 000 1 eng d |
| 035 ## - SYSTEM CONTROL NUMBER |
| System control number |
(OCoLC)ocn780192949 |
| 035 ## - SYSTEM CONTROL NUMBER |
| System control number |
(OCoLC)780192949 |
| 040 ## - CATALOGING SOURCE |
| Original cataloging agency |
OCLCE |
| Language of cataloging |
eng |
| Transcribing agency |
LIBRARY |
| 049 ## - LOCAL HOLDINGS (OCLC) |
| Holding library |
ZCUA |
| 050 #4 - LIBRARY OF CONGRESS CALL NUMBER |
| Classification number |
PR4731 |
| Item number |
.A97 1905 |
| 082 14 - DEWEY DECIMAL CLASSIFICATION NUMBER |
| Classification number |
823.8 HAG |
| -- |
Fic |
| Edition number |
20 |
| 084 ## - OTHER CLASSIFICATION NUMBER |
| Classification number |
18.05 |
| Number source |
bcl |
| 100 1# - MAIN ENTRY--PERSONAL NAME |
| Personal name |
Haggard, H. Rider |
| Fuller form of name |
(Henry Rider), |
| Dates associated with a name |
1856-1925. |
| 245 10 - TITLE STATEMENT |
| Title |
Ayesha |
| Medium |
[electronic resource] : |
| Remainder of title |
the return of She / |
| Statement of responsibility, etc. |
by H. Rider Haggard. |
| 260 ## - PUBLICATION, DISTRIBUTION, ETC. |
| Place of publication, distribution, etc. |
London : |
| Name of publisher, distributor, etc. |
Ward Lock, |
| Date of publication, distribution, etc. |
1905. |
| 300 ## - PHYSICAL DESCRIPTION |
| Extent |
384 p., [32] leaves of plates : |
| Other physical details |
ill. ; |
| Dimensions |
20 cm. |
| 500 ## - GENERAL NOTE |
| General note |
Sequel to: She. |
| 506 ## - RESTRICTIONS ON ACCESS NOTE |
| Materials specified |
Use copy |
| Standardized terminology for access restriction |
Restrictions unspecified |
| Source of term |
star |
| Institution to which field applies |
MiAaHDL |
| 533 ## - REPRODUCTION NOTE |
| Type of reproduction |
Electronic reproduction. |
| Place of reproduction |
[S.l.] : |
| Agency responsible for reproduction |
HathiTrust Digital Library, |
| Date of reproduction |
2011. |
| 538 ## - SYSTEM DETAILS NOTE |
| System details note |
Master and use copy. Digital master created according to Benchmark for Faithful Digital Reproductions of Monographs and Serials, Version 1. Digital Library Federation, December 2002. |
| Uniform Resource Identifier |
<a href="http://purl.oclc.org/DLF/benchrepro0212">http://purl.oclc.org/DLF/benchrepro0212</a> |
| 583 1# - ACTION NOTE |
| Action |
digitized |
| Time/date of action |
2011 |
| Jurisdiction |
HathiTrust Digital Library |
| Status |
committed to preserve |
| Source of term |
pda |
| Institution to which field applies |
MiAaHDL |
| 650 #1 - SUBJECT ADDED ENTRY--TOPICAL TERM |
| Topical term or geographic name entry element |
Adventure and adventurers |
| Form subdivision |
Fiction. |
| 650 #0 - SUBJECT ADDED ENTRY--TOPICAL TERM |
| Topical term or geographic name entry element |
Immortalism |
| Form subdivision |
Fiction. |
| General subdivision |
General book |
| 650 #0 - SUBJECT ADDED ENTRY--TOPICAL TERM |
| Topical term or geographic name entry element |
Ayesha (Fictitious character : Haggard) |
| Form subdivision |
Fiction. |
| 655 #7 - INDEX TERM--GENRE/FORM |
| Genre/form data or focus term |
Adventure fiction. |
| Source of term |
gsafd |
| 655 #7 - INDEX TERM--GENRE/FORM |
| Genre/form data or focus term |
Fantasy fiction. |
| Source of term |
gsafd |
| 776 1# - ADDITIONAL PHYSICAL FORM ENTRY |
| Qualifying information |
Original |
| Record control number |
(DLC) 88125663 |
| -- |
(OCoLC)3721575 |
| 856 40 - ELECTRONIC LOCATION AND ACCESS |
| Materials specified |
HathiTrust Digital Library |
| Uniform Resource Identifier |
<a href="http://catalog.hathitrust.org/api/volumes/oclc/3721575.html">http://catalog.hathitrust.org/api/volumes/oclc/3721575.html</a> |
| 942 ## - ADDED ENTRY ELEMENTS (KOHA) |
| Source of classification or shelving scheme |
|
| Koha item type |
Book |